Genetic diferentiation in populations of the river dolphins genus Inia (Blainville, 1817) and apports to the taxonomic status with molecular analysis (Registro nro. 15518)
[ vista simple ]
| 000 -CABECERA | |
|---|---|
| Campo de control | 006910000a22001810004500 |
| 090 ## - CLASIFICACIÓN LOCAL | |
| Colección | AS |
| Consecutivo | Seriadas |
| 041 0# - IDIOMA | |
| Código de idioma para texto/pista de sonido o título separado | |
| 100 1# - ASIENTO PRINCIPAL--NOMBRE PERSONAL | |
| Nombre personal | Banguera Hinestroza , E. |
| 245 10 - MENCION DE TITULO | |
| Título | Genetic diferentiation in populations of the river dolphins genus Inia (Blainville, 1817) and apports to the taxonomic status with molecular analysis |
| 700 1# - ASIENTO SECUNDARIO - NOMBRE PERSONAL | |
| Nombre personal | Cárdena, H. |
| 700 1# - ASIENTO SECUNDARIO - NOMBRE PERSONAL | |
| Nombre personal | Ruíz García, M. |
| 700 1# - ASIENTO SECUNDARIO - NOMBRE PERSONAL | |
| Nombre personal | Marmontel, M. |
| 700 1# - ASIENTO SECUNDARIO - NOMBRE PERSONAL | |
| Nombre personal | Gaitán, E. |
| 700 1# - ASIENTO SECUNDARIO - NOMBRE PERSONAL | |
| Nombre personal | Vázquez, R. |
| 700 1# - ASIENTO SECUNDARIO - NOMBRE PERSONAL | |
| Nombre personal | García Vallejo, F. |
| 773 1# - Item fuente: | |
| Título | Revista de la Academia Colombiana de Ciencias Exactas, Físicas y Naturales |
| Descripción física | 101 |
| Paginas del Articulo | 575-588 |
| Lugar, editorial y fecha de publicación | 2002 |
| Información sobre la relación | 26 |
| 942 ## - ELEMENTOS ADICIONALES (KOHA) | |
| Tipo de ítem | Artículo |
No hay ítems disponibles.